000 00604nam a22001577a 4500
008 160427b xxu||||| |||| 00| 0 eng d
082 _22009
_aUT 0177
_bM31
100 _96471
_aMamanao, Mye Frenzy D.
245 _aHealth management of mothers and health condition of their children/
_cMye Frenzy D. Mamanao, Richard Nino F. Pangilinan and April Lyn G. Daugdaug.
260 _aDigos City:
_bUMDC
_cOctober 2009.
300 _a47 pages;
_c27 cm.
650 0 _96473
_aNursing
_xUndergraduate thesis.
700 _96474
_aPangilinan, Richard Nino F.
700 _96475
_aDaugdaug, April Lyn G.
942 _2ddc
_cUT
999 _c2011
_d2011